Statistics for Busta Rhymes Charting Songs (Billboard Hot 100)

Click here to take the quiz!

General Stats

  • This quiz has been taken 17 times
  • The average score is 8 of 20

Answer Stats

AlbumWeeks OnPeakArtist(s)Song% Correct
PCD40 Weeks#2The Pussycat Dolls ft. Busta RhymesDon't Cha
71%
F.A.M.E.27 Weeks#6Chris Brown ft. Lil Wayne & Busta RhymesLook At Me Now
71%
It Ain't Safe No More...24 Weeks#3Busta Rhymes & Mariah Carey ft. The Flipmode SquadI Know What You Want
64%
Non-Album Single1 Week#94Busta Rhymes ft. EminemCalm Down
57%
The Big Bang23 Weeks#16Busta RhymesTouch It
57%
Genesis20 Weeks#26Busta RhymesBreak Ya Neck
50%
Genesis20 Weeks#11Busta Rhymes ft. P. Diddy & PharrellPass the Courvoisier Part II
43%
Non-Album Single1 Week#65Busta Rhymes ft. Linkin ParkWe Made It
43%
Back on My B.S.6 Weeks#86Busta Rhymes ft. Ron BrowzArab Money
36%
It Ain't Safe No More...20 Weeks#46Busta Rhymes ft. Spliff StarMake It Clap
36%
No Way Out20 Weeks#19Puff Daddy & The Family ft. The Notorious B.I.G & Busta RhymesVictory
36%
E.L.E. (Extinction Level Event): The Final World Front20 Weeks#3Busta Rhymes ft. JanetWhat's It Gonna Be?!
36%
When Disaster Strikes...19 Weeks#9Busta RhymesDangerous
29%
The Big Bang12 Weeks#41Busta Rhymes ft. will.i.am & KelisI Love My Bitch
29%
Under the Mistletoe2 Weeks#86Justin Bieber ft. Busta RhymesDrummer Boy
21%
Clones10 Weeks#58Busta RhymesLight Your Ass on Fire
21%
Violator: The Album, V2.014 Weeks#63Violator ft. Busta RhymesWhat It Is
21%
The Coming20 Weeks#8Busta RhymesWoo-Hah!! Got You All in Check / Everything Remains Raw
21%
The Coming13 Weeks#52Busta Rhymes ft. ZhaneIt's a Party
14%
When Disaster Strikes...20 Weeks#10Busta RhymesTurn It Up [Remix] / Fire It Up
14%

Score Distribution

Percentile by Number Answered

Percent of People with Each Score

Your Score History

You have not taken this quiz